000 00346nam a2200145 a 4500
005 20140412111328.0
008 110115s19uu xx 00 eng d
020 _a0-590-72585-8
050 _aBB
_bCr883 1991
245 _aCrayons.
260 _aNY :
_bScholastic,
_c1991.
300 _a18p.
440 _aBig book of Magazine
999 _c104795
_d104795